[Event "St Petersburg Amir Cup Blitz"]
[Site "St Petersburg"]
[Date "2021.05.23"]
[Round "1"]
[White "Bodnaruk, Anastasia"]
[Black "Igudin, Denis"]
[Result "0-1"]
[WhiteElo "2457"]
[BlackElo "1762"]
[PlyCount "106"]
[EventDate "2021.05.23"]
[EventType "swiss (blitz)"]
[EventRounds "11"]
[EventCountry "RUS"]
[SourceTitle "CBM 202 Extra"]
[Source "ChessBase"]
[SourceDate "2021.07.31"]
[SourceVersion "1"]
[SourceVersionDate "2021.07.31"]
[SourceQuality "1"]

1. e4 e5 2. Nf3 Nc6 3. Bb5 f5 4. d3 fxe4 5. dxe4 Nf6 6. Qd3 Bc5 7. 0-0 d6 8. a3 Be6 9. Ng5 Qe7 10. Nxe6 Qxe6 11. b4 Bb6 12. Nc3 Qg4 13. Qc4 Qd7 14. Nd5 a6 15. Bxc6 bxc6 16. Nxb6 cxb6 17. Bb2 b5 18. Qb3 Nxe4 19. Rfe1 Nd2 20. Qg3 Nc4 21. Bc1 0-0 22. f4 Qf5 23. fxe5 dxe5 24. Bh6 Qf6 25. Bg5 Qg6 26. a4 Qxc2 27. axb5 cxb5 28. Rad1 Qg6 29. Qh4 h6 30. Be7 Rfe8 31. Bc5 a5 32. bxa5 Nxa5 33. Rd7 Qc6 34. Qg4 Qxc5+ 35. Kh1 Qf8 36. h4 Re7 37. Rd6 Nc4 38. Rxh6 Rf7 39. Kg1 Rf1+ 40. Rxf1 Qxf1+ 41. Kxf1 Ne3+ 42. Ke2 Nxg4 43. Rb6 Ra5 44. Kf3 Nf6 45. g4 Kf7 46. g5 Nd5 47. Rb7+ Kg6 48. Ke4 b4 49. Kxe5 Nc3+ 50. Kf4 Rb5 51. Rd7 b3 52. Kg4 Rb4+ 53. Kf3 b2 0-1